| 000 | 00373nam a2200157Ia 4500 | ||
|---|---|---|---|
| 008 | 200103s9999||||xx |||||||||||||| ||und|| | ||
| 020 | _a9789380501468 | ||
| 040 | _aIMU-MPC | ||
| 082 | _aColumn-9 | ||
| 100 | _aBolton, W. | ||
| 245 | 0 | _aProgrammable Logic Controllers | |
| 250 | _a5th Ed. | ||
| 260 |
_bElsevier Academic Press _c2009 |
||
| 300 | _axii, 400 | ||
| 942 | _cBK | ||
| 999 |
_c4205 _d4205 |
||